| 000 | 00899nam a22002897a 4500 | ||
|---|---|---|---|
| 003 | UA-OsUOA | ||
| 001 | 28934 | ||
| 007 | ta | ||
| 008 | 20050517b un ||||| |||| 00| 0 ukr d | ||
| 100 | _aОрехова Л. О. | ||
| 700 | _aВасильєва Д. К. | ||
| 700 | _aОрехов В. В. | ||
| 700 | _aОрехов Д. В. | ||
| 090 |
_a94(477).052 _bК-85 |
||
| 942 | _cBK | ||
| 040 |
_aUA-OsUOA _bukr _cUA-OsUOA _dUA-OsUOA |
||
| 245 |
_aКримська Іліада. Східна війна 1853-1856 рр. очима сучасників. Події, судження, долі _bДо 150-ї річниці Кримської (Східної) війни |
||
| 300 | _a448 с. | ||
| 955 | _a0 | ||
| 041 | _aukr | ||
| 080 | _a94(477).052 | ||
| 020 | _a966-572-631-5 | ||
| 260 |
_aСімферополь _bТаврія _c2004 |
||
| 044 | _aUA | ||
| 650 | 7 | _2UDC | |
| 999 |
_c315310 _d315310 |
||